Peter Benchley Bibliography - Statistics

General Stats
  • This quiz has been taken 3 times
  • The average score is 8 of 14
Answer Stats
Type Year Name % Correct
Novel 1991 Beast
100%
Novel 1974 Jaws
100%
Non-Fiction Book 2002 Shark!: True Stories and Lessons from the Deep
100%
Novel 1976 The Deep
100%
Non-Fiction Book 1995 Ocean Planet: Writings and Images of the Sea
50%
Novel 1986 Q Clearance
50%
Novel 1990 Rummies
50%
Non-Fiction Book 2001 Shark Trouble: True Stories About Sharks and the Sea
50%
Novel 1982 The Girl of the Sea of Cortez
50%
Novel 1979 The Island
50%
Novel 1994 White Shark
50%
Non-Fiction Book 1970 Life's Tempo on Nantucket
0%
Non-Fiction Book 2005 Shark Life: True Stories About Sharks and the Sea
0%
Non-Fiction Book 1964 Time and a Ticket
0%
No matching quizzes found
Score Distribution
Percent of People with Each Score
Percentile by Number Answered
Your Score History
You have not taken this quiz